| 000 | 01020nam0a22002771 4500 | ||
|---|---|---|---|
| 001 | rc\55306 | ||
| 005 | 20021216125527.4 | ||
| 010 |
_a5-230-13690-1 _910000 |
||
| 035 | _a(NLR Aleph) 005332748 | ||
| 090 |
_a6609231 _c6609231 |
||
| 100 | _a20021216d1995 u |0rusy50 ca | ||
| 101 | 0 | _arus | |
| 102 | _aRU | ||
| 105 | _aa ||||||||| | ||
| 200 | 1 |
_aОсновы российского государства и права _fР.Л. Иванов, А.Н. Костюков, В.Н. Скобелкин _gОмский гос. ун-т. Юрид. фак. |
|
| 210 |
_aОмск _cОмГУ _d1995 |
||
| 215 |
_a330, [3] с. _cил. _d21 |
||
| 320 | _aБиблиогр.: с. 323-324 | ||
| 700 | 1 |
_aИванов _bР. Л. _gРоман Леонидович |
|
| 701 | 1 |
_aКостюков _bА. Н. _gАлександр Николаевич |
|
| 701 | 1 |
_aСкобелкин _bВ. Н. _gВладимир Николаевич |
|
| 801 | 0 |
_aRU _bNLR _gpsbo |
|
| 801 | 1 |
_aRU _bELAR _2rusmarc |
|
| 852 |
_aNLR _j96-3/2219 |
||
| 942 | _cBOOK | ||
| 980 | _aNB | ||